Músicos vascos / (Record no. 136712)

MARC details
000 -LEADER
campo de control de longitud fija 00740nam a2200217 i 4500
001 - NÚMERO DE CONTROL
campo de control 136712
003 - IDENTIFICADOR DE NÚMERO DE CONTROL
campo de control ES-MaACL
005 - FECHA Y HORA DE LA ÚLTIMA TRANSACCIÓN
campo de control 20230906195217.0
007 - CAMPO FIJO DE DESCRIPCIÓN FÍSICA--INFORMACIÓN GENERAL
campo de control de longitud fija t|
008 - DATOS DE LONGITUD FIJA--INFORMACIÓN GENERAL
campo de control de longitud fija 070214s1972 sp r ||||1| spa d
100 1# - ENTRADA PRINCIPAL--NOMBRE DE PERSONA
Nombre de persona Sagardía, Ángel.
9 (RLIN) 139049
245 10 - MENCIÓN DEL TÍTULO
Título Músicos vascos /
Mención de responsabilidad, etc. Angel Sagardía.
260 ## - PUBLICACIÓN, DISTRIBUCIÓN, ETC.
Lugar de publicación, distribución, etc. San Sebastián :
Nombre del editor, distribuidor, etc. Auñamendi,
Fecha de publicación, distribución, etc. 1972.
300 ## - DESCRIPCIÓN FÍSICA
Extensión 3 v. ;
Dimensiones 19 cm.
490 1# - MENCIÓN DE SERIE
Mención de serie Colección Auñamendi ;
Designación de volumen o secuencia 93, 94 y 95
505 8# - NOTA DE CONTENIDO CON FORMATO
Nota de contenido con formato Contiene: Vol. I. Achucarro - Esnaola. Vol. II. Esteve - Olaizola. Vol. III. Olaizola - Zulaica
650 #4 - PUNTO DE ACCESO ADICIONAL DE MATERIA--TÉRMINO DE MATERIA
Término de materia o nombre geográfico como elemento de entrada Músicos-
Subdivisión geográfica País Vasco-
Subdivisión general Biografías.
9 (RLIN) 154646
830 0# - PUNTO DE ACCESO ADICIONAL DE SERIE-TÍTULO UNIFORME
Título uniforme Colección Auñamendi ;
Designación de volumen o secuencia 93, 94 y 95
9 (RLIN) 181019
852 ## - LOCALIZACIÓN
Ubicación ES-MaACL
Número de control de estantería C-54411-13
Sublocalización o colección R.82830
Holdings
Estatus retirado Estado de pérdida Estado de daño No para préstamo Biblioteca de origen Biblioteca actual Ubicación en estantería Fecha de adquisición Fuente de adquisición Total de préstamos Signatura topográfica completa Código de barras Visto por última vez Precio de reemplazo Tipo de ítem Koha
        Biblioteca del Ateneo de Madrid Biblioteca del Ateneo de Madrid Depósito 2 17/01/2008     C-54411-13 1142279 23/02/2023 23/02/2023 Libro impreso